000 00758nmm a2200265 a 4500
003 AR-X00000XY
005 20251128211909.0
008 057020s2000 ||||||||||||||000 | spa||
020 _a958-9058-05-1
040 _cAR-X00000XY
100 1 _aAntei, Giorgio
245 1 0 _aContra naturam
_bart and the decline of nature
260 _aBogotá
_bMuseo de Arte Moderno
_c2000
300 0 _a238 p.
_bill.
500 0 _aDonación de la Embajada de Colombia en Buenos Aires
500 0 _aIncluye índice de láminas
504 _aContiene bibliografía en p. 235-238
650 4 _aARTES PLASTICAS
650 4 _aNATURALEZA
650 4 _aPAISAJE
650 4 _aARTISTAS
700 1 _aMallet, Brian J.
_etraductor
942 _cBK
998 _cna-calidad
999 _c21526
_d21526